Páginas escogidas (Registro nro. 68119)
[ vista simple ]
| 000 -ENCABEZADO | |
|---|---|
| Número de control [NR] | 01854nam a22003017a 4500 |
| 005 - FECHA Y HORA DE LA ÚLTIMA TRANSACCIÓN | |
| control field | 20160302093249.0 |
| 008 - DE LONGITUD FIJA DE DATOS DE ELEMENTOS - INFORMACIÓN GENERAL | |
| Elementos de longitud fija [NR] | 130419s1917||||sp ||||fr|||||001|mdspa d |
| 040 ## - FUENTE DE CATALOGACION [NR] | |
| Quien Cataloga | Sandra Yazo (modificó) |
| Quien Clasifica | Sandra Yazo (modificó) |
| Idioma de catalogación [NR] | spa |
| 041 1# - CODIGO DE IDIOMA [R] | |
| Código de idioma para texto/pista de sonido o título separado [R] | Español |
| 082 04 - NUMERO DE CLASIFICACION DECIMAL DEWEY [R] | |
| Número de clasificación [R] | 844.31 |
| Número de la edición [NR] | 20 |
| 092 ## - SIGNATURA TOPOGRAFICA LOCAL | |
| Número de clasificación local | E03N029 |
| 100 1# - ASIENTO PRINCIPAL--NOMBRE PERSONAL [NR] | |
| Nombre personal [NR] | Montaigne, Michel de |
| Fechas asociadas con el nombre [NR] | 1533-1592 |
| ID Autoridad | 30398 |
| 245 10 - MENCION DE TITULO [NR] | |
| Título [NR] | Páginas escogidas |
| Mención de responsabilidad, etc. [NR] | Montaigne ; selección y comentario de Pierre Villey ; traducción de E. Díez-Canedo |
| 260 ## - PUBLICACION, DISTRIBUCION, ETC. (PIE DE IMPRENTA) [R] | |
| Lugar de publicación, distribución, etc. [R] | Madrid (España) |
| Nombre del editor, distribuidor, etc. [R] | Casa Editorial Calleja |
| Fecha de publicación, distribución, etc. [R] | 1917 |
| 300 ## - DESCRIPCION FISICA [R] | |
| Extensión [R] | 364 páginas |
| Dimensiones [R] | 16 x 11 cm. |
| 490 #0 - MENCION DE SERIE [R] | |
| Mención de serie [R] | Biblioteca Calleja - Segunda serie |
| 500 ## - NOTA GENERAL [R] | |
| Nota general [NR] | Detalles físicos: Encuadernación rígida en cartón forrado en tela encolada. Tapa delantera con datos de publicación impresas en dorado. Tapas con residuos de cinta pegante. Guarda con la marca tipográfica del editor. Hoja de cortesía. Anteportada. Página con un retrato del autor. Portada impresa en una sola tinta, con la marca tipográfica de los editores y una firma de J. F. Franco Quijano. Texto impreso en una sola columna con varios tipos y tamaños de letra. Notas de pie de página. Ejemplar en buen estado |
| 504 ## - NOTA DE BIBLIOGRAFIA, ETC. [R] | |
| Nota de bibliografía, etc. [NR] | Incluye referencias bibliográficas |
| 505 0# - NOTA DE CONTENIDO CON FORMATO PREESTABLECIDO [R] | |
| Nota de contenido con formato preestablecido [NR] | Primera I - II: La vida de Montaigne hasta 1592 -- Los ensayos: La obra de 1580 ; Las transformaciones de los ensayos ; Las conclusiones de Montaigne -- Conclusión: Papel de Montaigne en la literatura francesa del siglo XVI |
| 506 ## - NOTA DE RESTRICCIONES DE ACCESO [R] | |
| Condiciones de acceso [NR] | Consulta en sala |
| 650 #7 - ASIENTO SECUNDARIO DE MATERIA - TERMINO TEMATICO [R] | |
| Término temático o nombre geográfico como elemento de entrada [NR] | Literatura Francesa |
| 9 (RLIN) | 7794 |
| 650 #7 - ASIENTO SECUNDARIO DE MATERIA - TERMINO TEMATICO [R] | |
| Término temático o nombre geográfico como elemento de entrada [NR] | Escritores franceses |
| 9 (RLIN) | 14787 |
| Subdivisión general [R] | Historia y crítica |
| 650 #7 - ASIENTO SECUNDARIO DE MATERIA - TERMINO TEMATICO [R] | |
| Término temático o nombre geográfico como elemento de entrada [NR] | Ensayos franceses |
| 9 (RLIN) | 14564 |
| 690 ## - ASUNTO AGREGADO LOCAL DE ENTRADA - TÉRMINO TEMÁTICO (OCLC, RLIN) | |
| Acceso temático local | Literatura europea |
| 9 (RLIN) | 26524 |
| 700 1# - ASIENTO SECUNDARIO - NOMBRE PERSONAL [R] | |
| Nombre personal [NR] | Díez-Canedo, Enrique |
| Fechas asociadas con el nombre [NR] | 1879-1944 |
| Término de relación [R] | traductor |
| 9 (RLIN) | 30399 |
| 700 1# - ASIENTO SECUNDARIO - NOMBRE PERSONAL [R] | |
| Nombre personal [NR] | Villey, Pierre |
| Fechas asociadas con el nombre [NR] | 1879-1933 |
| 9 (RLIN) | 30400 |
| Término de relación [R] | compilador |
| 942 ## - ELEMENTOS DE ENTRADA AGREGADOS (KOHA) | |
| Tipo de ítem principal el descrito en 300a | Libro |
| Edición | 1 |
| Tema principal | 18 |
| Sistema de clasificación | LOCAL |
| Clasificación | E03N029 |
| Suprimido | Perdido | Sistema de clasificación | Dañado | No prestable | Tipo de ítem específico | Ubicación habitual | Ubicación actual | Localización | Fecha de creación | Forma de adquisición | Costo | Total préstamos | Signatura topográfica | Código de barras | Última vez visto | Ejemplar | Price effective from | Tipo de ítem |
|---|---|---|---|---|---|---|---|---|---|---|---|---|---|---|---|---|---|---|
| LOCAL | Libro archivo | Archivo Histórico | Archivo Histórico | Archivo histórico | 27/02/2013 | Donación | 0.00 | E03N029 | L000410 | 15/12/2012 | Ej.1 | 03/02/2013 | Libro |